| 000 | 01021nam a2200313 a 4500 | ||
|---|---|---|---|
| 001 | vtls000165566 | ||
| 003 | NLI | ||
| 005 | 20210602103519.0 | ||
| 008 | 101125s1977 enkb 001 0 eng | ||
| 020 |
_a0701124393 : _cUSD 17.95 |
||
| 039 | 9 |
_y201011251724 _zVLOAD |
|
| 040 |
_aNLI _beng _cDatasoft 1 _eAACR2 |
||
| 041 | 0 | _aeng | |
| 044 | _aenk | ||
| 082 | 0 | 4 | _a301.350944 |
| 100 | 1 |
_aWeber, Eugen, _d1925-2007 _9321334 |
|
| 245 | 1 | 0 |
_aPeasants into Frenchmen : _bthe modernization of rural France, 1870-1914 / _cEugen Weber |
| 260 |
_aLondon : _bChatto and Windus, _c1977 |
||
| 300 |
_axv, 615 p. : _bmaps ; _c25 cm. |
||
| 504 | _aIncludes bibliographical references and index | ||
| 650 | 0 |
_aPeasants _zFrance _xHistory _9304770 |
|
| 651 | 0 |
_aFrance _xRural conditions _9265845 |
|
| 651 | 0 |
_aFrance _xSocial conditions _y19th century _9249870 |
|
| 887 | _a | ||
| 901 |
_a456781 _b20.12.1979 |
||
| 902 | _aE 301.350944 W 388 | ||
| 942 |
_2ddc _cBKS |
||
| 949 |
_AVIRTUAITEM _D10000 _X100 _6PUR000456781ENG |
||
| 999 |
_aVIRTUA40 _c169587 _d169587 |
||